000 00588nam a2200181 i 4500
001 142667
003 ES-MaACL
005 20230906200605.0
007 t|
008 071009s1954 sp ||||1| cat d
080 _a338.6:675.024(09)(467.14 Reus)
100 1 _aVilaseca Borrás, Luisa.
_9114840
245 1 3 _aEl gremi de blanquers i assaonadors de Reus /
_cLuisa Vilaseca Borrás.
260 _aReus :
_bAsociación de Estudios Reusenses,
_c1954.
300 _a261 p. :
_bil. ;
_c25 cm.
710 0 0 _aAsociación de Estudios Reusenses.
_91590
852 _aES-MaACL
_jC-8340
_bR.36460
999 _c142667
_d142667